000 00474nam a2200169 i 4500
001 115741
003 ES-MaACL
005 20230906190540.0
007 t|
008 070511s1943 sp ||||1| spa d
080 _a351.851.8(46)"1943"(094.5)
245 0 3 _aLa nueva universidad española.
260 _aMadrid :
_bCisneros,
_c[1943?]
300 _a107 p. ;
_c25 cm.
650 1 4 _aUniversidades-
_vLegislación-
_zEspaña.
_917688
852 _aES-MaACL
_j1848-F-8
_bR.20728
999 _c115741
_d115741